01091 2200205 4500001002100000005001500021035002000036008004100056245003400097100001600131250000600147260003800153300001200191084001400203082000800217650001000225520062600235990001200861990001200873INLIS00000000000090820240603092228 a0010-0524000143240603 1 ind 1 aSweet Sour Love /cAfin Yulia aYulia, Afin a1 aYogyakarta :bSheila/ Andi,c2015 a150 hlm a813 AFI s a813 4aFiksi aApa kau pernah bermimpi hidup di negara empat musim. Kau terbangun di musim semi saat pohon dan bunga yang seolah mati di musim dingin menggeliat kembali. Memancarkan kecantikannya, merayu mata untuk mencecap keindahannya. Lalu musim semi perlahan beranjak ke musim berikutnya. Hari-hari berlangsung lebih panjang dari sebelumnya. Matahari bersinar sangat pagi dan tenggelam malam sekali. Kau menyambut hari-hari terhangat ini dengan pakaian cerah warna-warni, secerah hati yang kau wakili. Apa kau pernah bermimpi hidup di negara empat musim? Saranku jatuh cintalah saja agar kau bisa merasakan sensasi empat musimnya... a0741418 a0741419